BREAKAWAY DELIVER VALUE TO YOUR CUSTOMER (Record no. 8171)

MARC details
000 -LEADER
fixed length control field 00355nam a2200133Ia 4500
008 - FIXED-LENGTH DATA ELEMENTS--GENERAL INFORMATION
fixed length control field 240624s9999 xx 000 0 und d
041 ## - LANGUAGE CODE
Language code of text/sound track or separate title eng
082 ## - DEWEY DECIMAL CLASSIFICATION NUMBER
Classification number 658.812 FRE
100 ## - MAIN ENTRY--PERSONAL NAME
Personal name FRED CHARLES L
245 ## - TITLE STATEMENT
Title BREAKAWAY DELIVER VALUE TO YOUR CUSTOMER
260 ## - PUBLICATION, DISTRIBUTION, ETC.
Date of publication, distribution, etc. 2002
Place of publication, distribution, etc. San Francisco
Name of publisher, distributor, etc. Jossey-Bass
300 ## - PHYSICAL DESCRIPTION
Extent xiv, : 144 : p. : cm. ; 21
365 ## - TRADE PRICE
Currency code
Price amount 35
Holdings
Withdrawn status Lost status Damaged status Not for loan Home library Current library Shelving location Date acquired Source of acquisition Cost, normal purchase price Full call number Barcode Date last seen Copy number Price effective from Koha item type
        IMTN IMTN Rack 37-A 01/23/2008 BU 27.95 658.812 FRE 8171 06/24/2024 39.27 06/24/2024 Books
Designed & Maintained by: LRC IMT Nagpur Contact: lrc@imtnag.ac.in© 2024. All Rights Reserved.